Freddie Mercury - Statistics

General Stats
  • This quiz has been taken 838 times
    689 since last reset
  • The average score is 10 of 12
Answer Stats
Question Answer % Correct
What band was he famous for singing in? Queen
98%
What was his cause of death? AIDS
97%
What year did he die? 1991
93%
Was he ever married? No
93%
How old was he when he died? 45
92%
What movie released in 2018 is a biography about him and his band? Bohemian Rhapsody
92%
What year was he born? 1946
88%
What month was he born in? September
83%
What was his sexuality? Bisexual
76%
What country was he born in? Tanzania
70%
What was his real name? Farrokh Bulsara
64%
What hall of fame was he inducted into? The Rock and Roll Hall of Fame
21%
No matching quizzes found
Score Distribution
Percent of People with Each Score
Percentile by Number Answered
Your Score History
You have not taken this quiz since the last reset